Регионална библиотека "Любен Каравелов" - Русе

Открития, които промениха света (Запис номер 131310)

MARC детайли
000 -Лидер
Контролно поле с фиксирана дължина 02014nam a2200457 c 4500
003 - Код на организацията, давaща контролен номер
Контролно поле BLK
005 - Дата и час на последна редакция
Контролно поле 20240314173818.0
008 - Елементи от данни с фиксирана дължина
fixed length control field 180409b bul|||||r ||||||| ||bul||
010 ## - Наследен системен номер
LC control number KNG00137122000
020 ## - Международен стандартен номер на книга ISBN
Международен стандартен номер на книга ISBN 978-954-625-717-8
-- издат.: Фют - (подв.)
040 ## - Източник на каталожния запис
Идентификатор на билиотеката - собственик на записа BLK
041 ## - Код за език
Код за езика на текст/звукозапис или на отделно заглавие Български
Код за езика КДБФ Български
072 #7 - Код за тематичната категория
Код организация bullib
Код за тематична категория Н86
Текст Детска отраслова литература Н
080 ## - УДК
Текстов определител УДК Изобретения и открития. Изобретателство. Рационализации. Патенти. Промишлени образци. Вж и 347.77
УДК код - определител по УДК 001.894
УДК определител (091)
УДК - код + определител 001.894(091)
100 1# - Редна дума - Автор
Автор Мърфи, Глен
Авторска отговорност първи автор
R(LIN) 300417
139 ## - Редно поле
Редна дума Мърфи, Глен
Авторски знак Мъ - М 97
245 10 - Сведения за заглавието
Заглавие Открития, които промениха света
Редно поле (дума) Глен Мърфи; прев. Антон Татаров.
257 ## - Страна на издаване
Страна на създаване/издаване Великобритания
260 ## - Област на издателските данни
-- София
Име на издателя, разпространителя и проч. Фют
Година на издаване 2012
Печатница отпеч. в Китай
300 ## - Физическа характеристика
Страници 66 с.
Илюстрации и др. с цв. ил., портр., к.
Размери/Мащаб 28Х28 см
380 ## - Жанр
Жанр Детска отраслова лит.
490 1# - СЕРИИ (Колекции)
Име на серия Поредица Повратни моменти
500 ## - Общи забележки
Забележка Ориг. загл. Science. - Името на прев. отбелязано в библиогр. каре. - Речник ; Азб. показалец.
650 #4 - Допълнително описание по предмет – тема
Основно описание – тема или топоним Изобретения - история
9 (RLIN) 244564
650 #4 - Допълнително описание по предмет – тема
Основно описание – тема или топоним Научни открития - история
9 (RLIN) 244174
650 #4 - Допълнително описание по предмет – тема
Основно описание – тема или топоним Енциклопедии, детски
9 (RLIN) 154962
653 ## - Ключова дума – ненормативна
Ключова дума изобретения
653 ## - Ключова дума – ненормативна
Ключова дума научни открития
653 ## - Ключова дума – ненормативна
Ключова дума история
653 ## - Ключова дума – ненормативна
Ключова дума литература за деца
653 ## - Ключова дума – ненормативна
Ключова дума детска литература
653 ## - Ключова дума – ненормативна
Ключова дума енциклопедии
659 ## - Тематичен бюлетин
Тематичен бюлетин Н
700 1# - Други автори (авторска отговорност)
Лично име Татаров, Антон
Автороска отговорност (Описва отношението между автора и произведението) прев.
9 (RLIN) 322662
852 ## - Местоположение
Форматна сигнатура Цб ІІ 17512
856 4# - Електронен адрес и достъп
Електронен формат pdf - файл
Път до файла /url/
856 4# - Електронен адрес и достъп
Електронен формат pdf - файл
Път до файла /url/
942 ## - АРТИКУЛИ
Вид на библиотечния материал Книги
Скрит в OPAC Не
Koha issues (borrowed), all copies 7
944 ## - СЪЗДАВАНЕ И РЕДАКЦИЯ на ЗАПИСА
Създаване/Редакция Създаване
Дата на регистрацията/редакция 11.12.2012
Статус, дата на статуса Русанова Ирена
Служител, извършил регистрацията/редакцията 30542
944 ## - СЪЗДАВАНЕ И РЕДАКЦИЯ на ЗАПИСА
Създаване/Редакция Редакция
Дата на регистрацията/редакция 22.01.2013
Статус, дата на статуса ф /
Служител, извършил регистрацията/редакцията
999 ## - СИСТЕМНИ КОНТРОЛНИ НОМЕРА
Koha biblionumber 131310
Koha biblioitemnumber 131310
Наличности
Код за отписване Код за изгубен артикул Източник на класификационната схема Код за повреда Коз за рестрикции Код за отдаване Артикулен № Име на библиотеката - собственик Име на библиотеката, в която се намира в момента Статус (Текущо местоположение) Дата на вписване в системата Местоположение - отдел Цена в лева Инвентарен номер Систематично азбучна сигнатура Баркод Номер на екземпляра Цена в евро Служебна бележка Служебен тип на артикула
  Не е изгубен Universal Decimal Classification Не е повреден без рестрикции заемане за дома 214119 Регионална библиотека "Любен Каравелов" Русе Регионална библиотека "Любен Каравелов" Русе Детски отдел 2012-12-05 Детски отдел 11.95 120000762103 ДН 62/М 97 120000762103 1 6.11 Дост: Pk Вид: Ф N: 15776 Дата: 05.12.2012 Дата инв: 20.08.2015 Бележки инв: Д2015 Книги
Vip Innovations Ltd, Rousse, Bulgaria 2025